| 000 -LEADER | |
|---|---|
| fixed length control field | 00397nam a22001577a 4500 |
| 005 - DATE AND TIME OF LATEST TRANSACTION | |
| control field | 20180202094632.0 |
| 008 - FIXED-LENGTH DATA ELEMENTS--GENERAL INFORMATION | |
| fixed length control field | 160427b xxu||||| |||| 00| 0 eng d |
| 020 ## - INTERNATIONAL STANDARD BOOK NUMBER | |
| ISBN | 978-01-07-047297-6 |
| 041 ## - LANGUAGE CODE | |
| Language code of text/sound track or separate title | eng |
| 082 ## - DEWEY DECIMAL CLASSIFICATION NUMBER | |
| Item number | 00277 |
| Classification number | 004.6 |
| 100 ## - MAIN ENTRY--AUTHOR NAME | |
| Personal name | Godbole, Achyut, S |
| 245 ## - TITLE STATEMENT | |
| Title | Data Communications and Networks |
| 260 ## - PUBLICATION, DISTRIBUTION, ETC. (IMPRINT) | |
| Place of publication | New Delhi |
| Name of publisher | Tata MC Graw Hill, |
| Year of publication | 2008 |
| 300 ## - PHYSICAL DESCRIPTION | |
| Number of Pages | 503 |
| 942 ## - ADDED ENTRY ELEMENTS (KOHA) | |
| Koha item type | Books |
| Lost status | Damaged status | Collection code | Home library | Current library | Shelving location | Date acquired | Cost, normal purchase price | Full call number | Accession Number | Koha item type | Source of acquisition |
|---|---|---|---|---|---|---|---|---|---|---|---|
| CS/IT | JRU Library | JRU Library | SHELF-50-B | 27/04/2016 | 375.00 | 00277 | 00277 | Books | |||
| CS/IT | JRU Library | JRU Library | SHELF-49-H | 27/04/2016 | 375.00 | 004.6 | 00278 | Books | PURCHASE | ||
| CS/IT | JRU Library | JRU Library | SHELF-49-H | 27/04/2016 | 375.00 | 004.6 | 00279 | Books | PURCHASE | ||
| CS/IT | JRU Library | JRU Library | SHELF-49-G | 27/04/2016 | 375.00 | 004.6 | 00280 | Books | PURCHASE |